000 00864nam a2200241Ia 4500
003 OSt
005 20220923221009.0
006 a|||||r|||| 00| 0
007 ta
008 220922b |||||||| |||| 00| 0 hin d
024 _a193,531
037 _cTextual
040 _aARTS
_cARTS
_bhin
041 _2hin
_ahin
082 _aO152,3xN1, M7
100 _aवात्स्यायन, सच्चिदानन्द
245 0 _aबारहखम्भा
_b एक उपन्यास प्रयोग
246 _aBārahakhambhā: ek upanyās prayoga
260 _aदिल्ली
_b प्रभात प्रका0
_c1987
650 _aहिन्दी साहित्य
_9156264
942 _hO152,3xN1, M7
_cTEXL
_2CC
999 _c345979
_d345979